书目信息 |
| 题名: |
线性代数典型题解析及自测试题
|
|
| 作者: | 彭建华 主编 | |
| 分册: | ||
| 出版信息: | 西安 西北工业大学出版社 2001.2 |
|
| 页数: | 250页 | |
| 开本: | 20cm | |
| 丛书名: | 经济类课程提高与应试丛书 | |
| 单 册: | ||
| 中图分类: | O151.2-44 | |
| 科图分类: | ||
| 主题词: | 线性代数--研究生--入学考试--解题 | |
| 电子资源: | ||
| ISBN: | 7-5612-1271-2 | |
| 000 | 00734nam0 2200229 45 | |
| 001 | 0112290837 | |
| 005 | 20031219104052.3 | |
| 010 | @a7-5612-1271-2@dCNY12.00 | |
| 100 | @a20011229d2000 k y0chiy0120 ea | |
| 101 | 0 | @achi |
| 105 | @a z 000yy | |
| 200 | 1 | @a线性代数典型题解析及自测试题@AXian Xing Dai Shu Dian Xing Ti Jie Xi Ji Zi Ce Shi Ti@f彭建华主编@FPeng Jian Hua Zhu Bian |
| 205 | @a2版 | |
| 210 | @a西安@c西北工业大学出版社@d2001.2 | |
| 215 | @a250页@d20cm | |
| 225 | @a经济类课程提高与应试丛书 | |
| 410 | @12001 @a经济类课程提高与应试丛书 | |
| 606 | 0 | @a线性代数@x研究生@x入学考试@x解题 |
| 690 | @aO151.2-44@v4 | |
| 701 | 0 | @a彭建华@4主编 |
| 801 | @aCN@bTSTC@c20011229 | |
| 905 | @f10@b302519-528@dO151.2-44@e125=2 | |
| 线性代数典型题解析及自测试题/彭建华主编.-2版.-西安:西北工业大学出版社,2001.2 |
| 250页;20cm.-(经济类课程提高与应试丛书) |
| ISBN 7-5612-1271-2:CNY12.00 |
| ● |
| 相关链接 |
|
|
|
|
正题名:线性代数典型题解析及自测试题
索取号:O151.2-44/125=2
 
预约/预借
| 序号 | 登录号 | 条形码 | 馆藏地/架位号 | 状态 | 备注 |
| 1 | 0302519 | 203025190 | 第三借阅区/ [索取号:O151.2-44/125=2] | 在馆 | |
| 2 | 0302520 | 203025207 | 第三借阅区/ [索取号:O151.2-44/125=2] | 在馆 | |
| 3 | 0302521 | 203025216 | 第三借阅区/ [索取号:O151.2-44/125=2] | 在馆 | |
| 4 | 0302522 | 203025225 | 第三借阅区/ [索取号:O151.2-44/125=2] | 在馆 | |
| 5 | 0302523 | 203025234 | 第三借阅区/ [索取号:O151.2-44/125=2] | 在馆 | |
| 6 | 0302524 | 203025243 | 第三借阅区/ [索取号:O151.2-44/125=2] | 在馆 | |
| 7 | 0302525 | 203025252 | 第三借阅区/ [索取号:O151.2-44/125=2] | 在馆 | |
| 8 | 0302526 | 203025261 | 第三借阅区/ [索取号:O151.2-44/125=2] | 在馆 | |
| 9 | 0302527 | 203025270 | 第三借阅区/ [索取号:O151.2-44/125=2] | 在馆 | |
| 10 | 0302528 | 203025289 | 第二样本阅览室/ [索取号:O151.2-44/125=2] | 在馆 |